00440pab a2200169 454500008004000000100002000040245004500060260000900105300001500114362000800129650002300137650001500160650002100175650002600196700001900222773002900241180718b2017 xxu||||| |||| 00| 0 eng d aBailey, Daniel  aThe metagovernance of English devolution c2017 ap.966-991. aDec aGovernance network aGovernance alocal government aPublic administration aWood, Matthew  aLocal Government Studies